Central Library OPAC University of Rajshahi

Palaces of the Raj : (Record no. 25908)

MARC details
000 -LEADER
fixed length control field 00876cam a2200289 4500
001 - CONTROL NUMBER
control field 25908
003 - CONTROL NUMBER IDENTIFIER
rucl marc code BD-RjUL
005 - DATE AND TIME OF LATEST TRANSACTION
control field 20211209050938.0
008 - FIXED-LENGTH DATA ELEMENTS--GENERAL INFORMATION
fixed length control field 140319s1973 enka b 001 0 eng d
020 ## - INTERNATIONAL STANDARD BOOK NUMBER
International Standard Book Number 0049540173
035 ## - SYSTEM CONTROL NUMBER
System control number (BD-RjUL)25978
040 ## - CATALOGING SOURCE
Original cataloging agency DLC
Transcribing agency DLC
Modifying agency DLC
-- BD-RjUL
Language of cataloging eng
041 ## - LANGUAGE CODE
Language code of text/sound track or separate title eng
082 00 - DEWEY DECIMAL CLASSIFICATION NUMBER
Classification number 954.035
Author mark and year BEP 1973
100 2# - MAIN ENTRY--PERSONAL NAME
Personal name Bence-Jones, Mark.
9 (RLIN) 79611
245 10 - TITLE STATEMENT
Title Palaces of the Raj :
Remainder of title magnificence and misery of the Lord Sahibs /
Statement of responsibility, etc. Mark Bence-Jones,
260 ## - PUBLICATION, DISTRIBUTION, ETC. (IMPRINT)
Place of publication, distribution, etc. London :
Name of publisher, distributor, etc. Allen and Unwin,
Date of publication, distribution, etc. 1973.
300 ## - PHYSICAL DESCRIPTION
Pagination 225 p. :
Illustrations ill. ;
Size 24 cm.
350 ## - PRICE (NR) (BK AM CF MU VM SE) [OBSOLETE]
Price £5.00
504 ## - BIBLIOGRAPHY, ETC. NOTE
Bibliography, etc Bibliography: p. 215-217. and Index
650 #0 - SUBJECT ADDED ENTRY--TOPICAL TERM
Topical term or geographic name as entry element British
Geographic subdivision India
General subdivision History.
9 (RLIN) 79612
Topical term or geographic name as entry element Historic buildings
Geographic subdivision India.
9 (RLIN) 79613
651 #0 - SUBJECT ADDED ENTRY--GEOGRAPHIC NAME
Geographic name India
General subdivision Social life and customs.
9 (RLIN) 79614
942 ## - ADDED ENTRY ELEMENTS (KOHA)
Source of classification or shelving scheme Dewey Decimal Classification
Koha item type Books
Holdings
Lost status Source of classification or shelving scheme Damaged status Not for loan Collection code Permanent Location Current Location Shelving location Date acquired Source of acquisition Cost, normal purchase price Total Checkouts Full call number Date last seen Copy number Koha item type
  Dewey Decimal Classification   Added to bundle Non-fiction Central Library, University of Rajshahi Central Library, University of Rajshahi Reading Room 03/06/1975 Jonathan wren & co. 5.00   954.035 BEP 1973 19/03/2014 C-1 Books